NBA Players by Their College - Statistics

General Stats
  • This quiz has been taken 133 times
  • The average score is 8 of 15
Answer Stats
Hint Answer % Correct
Indiana State Larry Bird
83%
LSU Shaquille O'Neal
78%
UCLA Kareem Abdul-Jabbar
76%
Texas Kevin Durant
76%
UNC Michael Jordan
75%
Georgia Anthony Edwards
65%
Marquette Jimmy Butler
58%
Oklahoma Trae Young
56%
Georgetown Patrick Ewing
53%
Houston Hakeem Olajuwon
44%
Duke Jayson Tatum
44%
Kentucky Karl-Anthony Towns
30%
UConn Ray Allen
24%
Illinois Deron Williams
23%
USC Bronny James
20%
No matching quizzes found
Score Distribution
Percent of People with Each Score
Percentile by Number Answered
Your Score History
You have not taken this quiz